Central Library OPAC University of Rajshahi

পরিবেশের জানা অজানা কথা : (Record no. 47738)

MARC details
000 -LEADER
fixed length control field 00896nam a2200229 a 4500
001 - CONTROL NUMBER
control field 47738
003 - CONTROL NUMBER IDENTIFIER
rucl marc code BD-RjUL
005 - DATE AND TIME OF LATEST TRANSACTION
control field 20211209054401.0
008 - FIXED-LENGTH DATA ELEMENTS--GENERAL INFORMATION
fixed length control field 160810s2013 bg ||||| |||| 00| 0 ben d
020 ## - INTERNATIONAL STANDARD BOOK NUMBER
International Standard Book Number 9789848934470
Terms of availability : Tk.280.00
035 ## - SYSTEM CONTROL NUMBER
System control number (BD-RjUL)47857
040 ## - CATALOGING SOURCE
Original cataloging agency BD-RjUL
Language of cataloging ben
Transcribing agency BD-RjUL
Modifying agency BD-RjUL
041 ## - LANGUAGE CODE
Language code of text/sound track or separate title ben
082 ## - DEWEY DECIMAL CLASSIFICATION NUMBER
Edition number 23
Classification number 363.7
Author mark and year PAP 2013
100 ## - MAIN ENTRY--PERSONAL NAME
Personal name পাল, নিশীথ কুমার
9 (RLIN) 119563
245 10 - TITLE STATEMENT
Title পরিবেশের জানা অজানা কথা :
Remainder of title পরিবেশ বিজ্ঞান =Environmental Science /
Statement of responsibility, etc. নিশীথ কুমার পাল,
260 ## - PUBLICATION, DISTRIBUTION, ETC. (IMPRINT)
Place of publication, distribution, etc. ঢাকা :
Name of publisher, distributor, etc. আলেয়া বুক ডিপো,
Date of publication, distribution, etc. ২০১৩
300 ## - PHYSICAL DESCRIPTION
Pagination ২০৬ পৃ. ;
Size ২৩ সেমি.
650 ## - SUBJECT ADDED ENTRY--TOPICAL TERM
Topical term or geographic name as entry element পরিবেশ বিজ্ঞান
9 (RLIN) 122298
Topical term or geographic name as entry element Environmental Science
9 (RLIN) 122297
942 ## - ADDED ENTRY ELEMENTS (KOHA)
Source of classification or shelving scheme Dewey Decimal Classification
Koha item type Books
Holdings
Lost status Source of classification or shelving scheme Damaged status Not for loan Collection code Permanent Location Current Location Shelving location Date acquired Source of acquisition Cost, normal purchase price Total Checkouts Full call number Date last seen Date checked out Copy number Koha item type
  Dewey Decimal Classification     Non-fiction Central Library, University of Rajshahi Central Library, University of Rajshahi   30/07/2013 Botany dept.R.U. 280.00 3 B 363.7 PAP 2013 05/11/2023 11/10/2023 C-2 Books
  Dewey Decimal Classification     Non-fiction Central Library, University of Rajshahi Central Library, University of Rajshahi   30/07/2013 Botany dept.R.U. 280.00   B 363.7 PAP 2013 10/08/2016   C-3 Books
  Dewey Decimal Classification     Non-fiction Central Library, University of Rajshahi Central Library, University of Rajshahi   31/07/2013 Udvid biggan, Ru. 280.00   B 363.7 PAP 2013 21/11/2016   C-4 Books
  Dewey Decimal Classification     Non-fiction Central Library, University of Rajshahi Central Library, University of Rajshahi   31/07/2013 RUCL 280.00   B 363.7 PAP 2013 21/11/2016   C-5 Books
  Dewey Decimal Classification   Not For Loan Non-fiction Central Library, University of Rajshahi Central Library, University of Rajshahi Reading Room 31/07/2013 RUCL 280.00   B 363.7 PAP 2013 27/12/2016   C-1 Books